Tuyển tập Mã A Lềnh
Sách giới thiệu về các tác phẩm truyện; Ký và Tạp văn; kịch bản; thơ; sưu tầm và nghiên cứu, phê bình văn học và những bài nghiên cứu, phê bình về tác giả, tác phẩm Mã A Lềnh.
Gorde:
| Egile nagusia: | |
|---|---|
| Formatua: | Liburua |
| Hizkuntza: | Undetermined |
| Argitaratua: |
Thái Nguyên
Đại học Thái Nguyên
2015
|
| Gaiak: | |
| Etiketak: |
Etiketa erantsi
Etiketarik gabe, Izan zaitez lehena erregistro honi etiketa jartzen!
|
| Thư viện lưu trữ: | Trung tâm Học liệu Trường Đại học Cần Thơ |
|---|
| LEADER | 00967nam a2200205Ia 4500 | ||
|---|---|---|---|
| 001 | CTU_216144 | ||
| 008 | 210402s9999 xx 000 0 und d | ||
| 082 | |a 895.922834 | ||
| 082 | |b L256 | ||
| 100 | |a Mã, A Lềnh | ||
| 245 | 0 | |a Tuyển tập Mã A Lềnh | |
| 245 | 0 | |c Mã A Lềnh ; Trần Thị Việt Trung (tuyển chọn và biên soạn) | |
| 260 | |a Thái Nguyên | ||
| 260 | |b Đại học Thái Nguyên | ||
| 260 | |c 2015 | ||
| 520 | |a Sách giới thiệu về các tác phẩm truyện; Ký và Tạp văn; kịch bản; thơ; sưu tầm và nghiên cứu, phê bình văn học và những bài nghiên cứu, phê bình về tác giả, tác phẩm Mã A Lềnh. | ||
| 650 | |a Vietnamese literature,Văn học Việt Nam | ||
| 650 | |x Collections,Tuyển tập | ||
| 904 | |i Tú Ngân, Khánh Ngân,Qhieu | ||
| 980 | |a Trung tâm Học liệu Trường Đại học Cần Thơ | ||